El square

Saved in:
Bibliografiske detaljer
Hovedforfatter: Duras, Marguerite (Author)
Format: Bog
Sprog:spansk
Udgivet: Barcelona Editorial Seix Barral 1968
Udgivelse:1a. ed
Serier:Biblioteca Breve de Bolsillo. Libros de Enlace, 4
Fag:
Tags: Tilføj Tag
Ingen Tags, Vær først til at tagge denne postø!

MARC

LEADER 00000cam a2200000 a 4500
001 UCE3089
003 CL-VaPUC
008 140814e19680000sp |||||||||||||||||spa|d
082 0 4 |a 843  |b DUR  |2 21 
100 0 |a Duras, Marguerite  |e author  |9 575598 
245 1 3 |a El square 
250 |a 1a. ed 
300 |a 114 p 
942 |c BK 
945 |d 20140814 14:58:00  |a arojas 
260 |a Barcelona  |b Editorial Seix Barral  |c 1968 
650 0 |a Literatura francesa  |9 266330 
650 0 |a Novela francesa  |9 264985 
650 7 |a DRAMAS FRANCESES  |2 CL-VaPUC  |9 267189 
583 |a last modification  |c 20140814 14:58:00  |k Rodrigo Vera 
490 0 |a Biblioteca Breve de Bolsillo. Libros de Enlace, 4 
999 |c 356538  |d 356536 
952 |0 0  |1 0  |3 erb  |4 0  |6 843_000000000000000_DUR_1968  |7 0  |8 A  |9 463985  |a BIBEDU  |b BIBEDU  |i 5006945  |o 843 DUR 1968  |p 5006945  |r 2019-11-23  |w 2019-11-23  |y BK  |z Catalogado en:20140814  |k LIT